000 00537nam a2200181Ia 4500
003 0
005 20250317124736.0
008 140609s9999 xx 000 0 und d
020 _a9789712359125
050 _aHD 58.7
_b.M468 2011
100 _aMedina, Roberto G.
245 _aHuman behavior in organization /
_cRoberto G. Medina
260 _aManila, Philippines :
_bRex Book Store,
_cc2011.
300 _a281 p. ;
_c22 cm.
500 _aIncludes bibliographical references and index.
942 _kLOC
_cBK
_2lcc
999 _c117907
_d117907